ბათუმის შოთა რუსთაველის სახელმწიფო უნივერსიტეტის ბიბლიოთეკა

შუახევის რაიონის ყომრალი ნიადაგები და მისი ინტენსიური გამოყენება (ბიბ.ჩანაწერი № 44583)

000 -LEADER
fixed length control field 00948nam a2200217Ia 4500
001 - CONTROL NUMBER
control field 11386
003 - CONTROL NUMBER IDENTIFIER
control field GE_BSU
008 - FIXED-LENGTH DATA ELEMENTS--GENERAL INFORMATION
fixed length control field 181216s||||||||xx |||||||||||||| ||und||
040 ## - CATALOGING SOURCE
Transcribing agency GE_BSU
080 ## - UNIVERSAL DECIMAL CLASSIFICATION NUMBER
Universal Decimal Classification number 631.445.3(479.223)
100 ## - MAIN ENTRY--PERSONAL NAME
Personal name ლომინაძე შოთა, დოლიძე რუსუდან
245 ## - TITLE STATEMENT
Title შუახევის რაიონის ყომრალი ნიადაგები და მისი ინტენსიური გამოყენება
245 ## - TITLE STATEMENT
Statement of responsibility, etc. რედ: შაქრო ფალავანდიშვილი
260 ## - PUBLICATION, DISTRIBUTION, ETC.
Place of publication, distribution, etc. ბათუმი.
260 ## - PUBLICATION, DISTRIBUTION, ETC.
Name of publisher, distributor, etc. ალიონი
260 ## - PUBLICATION, DISTRIBUTION, ETC.
Date of publication, distribution, etc. 2007
300 ## - PHYSICAL DESCRIPTION
Extent 53გვ.20სმ.
300 ## - PHYSICAL DESCRIPTION
Accompanying material ცხრ.
653 ## - INDEX TERM--UNCONTROLLED
Uncontrolled term შუახევის რაიონის ყომრალი ნიადაგები და მისი ინტენსიური გამოყენება
942 ## - ADDED ENTRY ELEMENTS (KOHA)
Koha item type წიგნი
ეგზემპლარები
Withdrawn status Lost status Damaged status Not for loan Date acquired Barcode Date last seen Price effective from Koha item type
        2018-12-17 19654 2018-12-17 2018-12-17 წიგნი
        2018-12-17 19655 2018-12-17 2018-12-17 წიგნი